1359 1673 1312 1181 1503 1789 1816 1282 1470 1163 1525 1537 1316 1000 1155 1206 1438 1182 1408 1730 1861 1425 1943 1421 1497 1692 1710 1754 1481 1453 1724 1150 1539 1912 1697 1858 1160 1233 1992 1516 1237 1510 1437 1974 1017 1555 1087 1904 1038 1573 1458 1292 1714 1722 1179 1193 1446 1364 1967 1801 1765 1726 1061 1478 1446 1835 1481 1522 1652 1900 1481 1247 1796 1810 1950 1747 1966 1567 1102 1126 1095 1451 1086 1772 1216 1569 1765 1624 1427 1323 1042 1090 1542 1034 1702 1191 1121 1373 1616 BCNSPRNW ULIB Ver.6.0+V

เปลี่ยนเป็นภาษาไทย

Change to English
 แสดงรายละเอียดบรรณานุกรม
  กลับหน้าหลัก

Brief Record : Get Marc (ISO 2709) : E-mail record : QR code < ปิดหน้าต่าง
LEADER : 00000nam 2200000uu 4500
001    13399124193
003     ULIB
008    150125s2555||||th 000 0 tha d
020    ^a9786162960079
060  4 ^aWS260^bม153ว
100    ^aมนตรี อุดมเพทายกุล
245    ^aเวชศาสตร์ผิวพรรณในเด็ก=^bCosmetic Dermatology in Pedidatrics./^cมนตรี อุดมเพทายกุล
246 31 ^aCosmetic Dermatology in Pedidatrics
250    ^aพิมพ์ครั้งที่ 1
260    ^aกรุงเทพฯ :^bบียอนด์เอ็นเทอร์ไพรซ์,^c2555
300    ^a156 หน้า
650    ^aเวชศาสตร์ผิวพรรณ
650  0 ^aผิว^xเด็ก
650  0 ^aโรค^xผิว^xเด็ก
650  0 ^aเลเซอร์^xเด็ก
945    ^p350^l0^i038916
945    ^p350^l0^i038917
945    ^p350^l0^i038918
945    ^p350^l0^i038919
945    ^p350^l0^i038920
945    ^p350^l0^i038921
945    ^p350^l0^i038922
999    ^aเกษร โพธิ์สุวรรณ
รายการนี้ยังไม่มีแท็ก
คุณยังไม่ได้ล็อกอิน คุณสามารถมีกิจกรรมร่วมกับเว็บไซต์ได้ แต่ต้องล็อกอินก่อน ::
  ล็อกอิน

รายการสื่อสารสนเทศ

ลำดับที่ ประเภท เลขเรียก/บาร์โค้ด สถานที่ สถานะ
1. วิทยาศาสตร์การแพทย์ และสุขภาพ
หนังสือสำรอง
สถานะ=หนังสือสำรอง
WS260 ม153ว ฉ.1 
  Barcode: 038916
ห้องสมุดวิทยาเขตสวรรค์ประชารักษ์
►ส่วนจัดเก็บหนังสือเก่า สปร
บนชั้น
  ขอยืม
2. วิทยาศาสตร์การแพทย์ และสุขภาพ
วิทยาศาสตร์การแพทย์ และสุขภาพ
WS260 ม153ว ฉ.2 
  Barcode: 038917
ห้องสมุดวิทยาเขตสวรรค์ประชารักษ์
►ส่วนจัดเก็บหนังสือเก่า สปร
บนชั้น
  ขอยืม
3. วิทยาศาสตร์การแพทย์ และสุขภาพ
วิทยาศาสตร์การแพทย์ และสุขภาพ
WS260 ม153ว ฉ.3 
  Barcode: 038918
ห้องสมุดวิทยาเขตสวรรค์ประชารักษ์
►ส่วนจัดเก็บหนังสือเก่า สปร
บนชั้น
  ขอยืม
4. วิทยาศาสตร์การแพทย์ และสุขภาพ
วิทยาศาสตร์การแพทย์ และสุขภาพ
WS260 ม153ว ฉ.4 
  Barcode: 038919
ห้องสมุดวิทยาเขตสวรรค์ประชารักษ์
►ส่วนจัดเก็บหนังสือเก่า สปร
บนชั้น
  ขอยืม
5. วิทยาศาสตร์การแพทย์ และสุขภาพ
วิทยาศาสตร์การแพทย์ และสุขภาพ
WS260 ม153ว ฉ.5 
  Barcode: 038920
ห้องสมุดวิทยาเขตสวรรค์ประชารักษ์
►ส่วนจัดเก็บหนังสือเก่า สปร
บนชั้น
  ขอยืม
6. วิทยาศาสตร์การแพทย์ และสุขภาพ
วิทยาศาสตร์การแพทย์ และสุขภาพ
WS260 ม153ว ฉ.6 
  Barcode: 038921
ห้องสมุดวิทยาเขตสวรรค์ประชารักษ์
►ส่วนจัดเก็บหนังสือเก่า สปร
บนชั้น
  ขอยืม
7. วิทยาศาสตร์การแพทย์ และสุขภาพ
วิทยาศาสตร์การแพทย์ และสุขภาพ
WS260 ม153ว ฉ.7 
  Barcode: 038922
ห้องสมุดวิทยาเขตสวรรค์ประชารักษ์
►ส่วนจัดเก็บหนังสือเก่า สปร
บนชั้น
  ขอยืม

รายการใกล้เคียง
    ผู้แต่ง [มนตรี อุดมเพทายกุล]

    หัวเรื่อง [เวชศาสตร์ผิวพรรณ]

BibComment


ยังไม่เคยถูกคอมเมนท์

คอมเมนท์ทรัพยากรรายการนี้
  คอมเมนท์: เวชศาสตร์ผิวพรรณ..


 Copyright 2026. Bcnsprnw @Library